Gaming Quiz

Random Gaming or Toys Quiz

Mastermind V Quiz Stats

 Plays Quiz Updated Mar 18, 2020

Support Sporcle.
Go Orange.
Score 0/259 Timer 01:00
3 Plays Today
% Correct
 
88.6%
 
88.6%
 
88.6%
 
88.6%
 
88.6%
 
88.3%
 
88.3%
 
88.3%
 
88.3%
 
88.3%
 
87.9%
 
87.6%
 
87.6%
 
87.6%
 
87.6%
 
87.6%
 
86.4%
 
86.4%
 
86%
 
86%
 
85.6%
 
85.6%
 
85.6%
 
85.6%
 
85.6%
 
85.5%
 
85.5%
 
84.9%
 
84.9%
 
84.9%
 
84.9%
 
84.9%
 
84.4%
 
84.4%
 
84.4%
 
84.4%
 
84.4%
 
84.3%
 
84.3%
 
84.3%
 
84.3%
 
84.3%
 
84.3%
 
84.1%
 
84.1%
 
84.1%
 
84.1%
 
84.1%
 
84.1%
 
84%
 
84%
 
84%
 
84%
 
84%
 
84%
 
83.8%
 
83.8%
 
83.8%
 
83.7%
 
83.7%
 
83.7%
 
83.7%
 
83.7%
 
83.3%
 
83.3%
 
83.3%
 
83.3%
 
83.3%
 
83.3%
 
83.2%
 
83.2%
 
83.2%
 
83.2%
 
83.2%
 
83.2%
 
83.1%
 
83.1%
 
83.1%
 
83.1%
 
83.1%
 
83.1%
 
83.1%
 
83.1%
 
83.1%
 
83.1%
 
83.1%
 
83.1%
% Correct
 
83.1%
 
83.1%
 
83.1%
 
83.1%
 
83%
 
83%
 
83%
 
83%
 
83%
 
83%
 
83%
 
83%
 
82.8%
 
82.8%
 
82.8%
 
82.8%
 
82.8%
 
82.7%
 
82.7%
 
82.7%
 
82.6%
 
82.6%
 
82.6%
 
82.5%
 
82.5%
 
82.5%
 
82.5%
 
82.5%
 
82.5%
 
82.5%
 
82.5%
 
82.5%
 
82.5%
 
82.5%
 
82.5%
 
82.5%
 
82.5%
 
82.5%
 
82.5%
 
82.5%
 
82.5%
 
82.4%
 
82.4%
 
82.4%
 
82.4%
 
82.4%
 
82.3%
 
82.3%
 
82.3%
 
82.3%
 
82.3%
 
82.2%
 
82.2%
 
82.2%
 
82.2%
 
82.2%
 
82.2%
 
82.1%
 
82.1%
 
82.1%
 
82.1%
 
82.1%
 
82.1%
 
82.1%
 
82.1%
 
82.1%
 
81.9%
 
81.9%
 
81.9%
 
81.9%
 
81.9%
 
81.9%
 
81.9%
 
81.8%
 
81.8%
 
81.8%
 
81.8%
 
81.7%
 
81.7%
 
81.7%
 
81.7%
 
81.7%
 
81.7%
 
81.7%
 
81.7%
 
81.6%
 
81.6%
% Correct
 
81.6%
 
81.5%
 
81.5%
 
81.5%
 
81.5%
 
81.5%
 
81.5%
 
81.5%
 
81.5%
 
81.5%
 
81.5%
 
81.5%
 
81.5%
 
81.5%
 
81.5%
 
81.5%
 
81.5%
 
81.4%
 
81.4%
 
81.4%
 
81.4%
 
81.4%
 
81.4%
 
81.4%
 
81.4%
 
81.4%
 
81.4%
 
81.4%
 
81.4%
 
81.4%
 
81.3%
 
81.3%
 
81.3%
 
81.3%
 
81.3%
 
81.3%
 
81.3%
 
81.3%
 
81.3%
 
81.3%
 
81.3%
 
81.3%
 
81.3%
 
81.3%
 
81.3%
 
81.2%
 
81.2%
 
81.2%
 
81.2%
 
81.2%
 
81.2%
 
81.2%
 
81.2%
 
81.2%
 
81.2%
 
81.2%
 
81.2%
 
81.2%
 
81.2%
 
81.1%
 
81.1%
 
81.1%
 
81.1%
 
81.1%
 
81.1%
 
81.1%
 
81.1%
 
81.1%
 
81.1%
 
81.1%
 
81.1%
 
81%
 
81%
 
81%
 
81%
 
81%
 
81%
 
81%
 
81%
 
80.2%
 
80.2%
 
80.2%
 
80.2%
 
80.2%
 
80.2%

From the Vault

Simon Says Clickable Minefield

by lolshortee

Who is Simon and why do we care so much about what he says?
Remove Ads.
Support Sporcle.
Get the best of Sporcle when you Go Orange. This ad-free experience offers more features, more stats, and more fun while also helping to support Sporcle. Thank you for becoming a member.

Show Comments

Extras

Top Quizzes Today


Score Distribution

Your Account Isn't Verified!

In order to create a playlist on Sporcle, you need to verify the email address you used during registration. Go to your Sporcle Settings to finish the process.

Report this User

Report this user for behavior that violates our Community Guidelines.

Details: